| 000 | 00959nam a22002417a 4500 | ||
|---|---|---|---|
| 003 | BD-DhJNU | ||
| 005 | 20260505053725.0 | ||
| 008 | 260505b |||||||| |||| 00| 0 eng d | ||
| 020 | _a9844102758 | ||
| 040 |
_aBD-DhJNU _bENG _cBD-DhJNU _dBD-DhJNU |
||
| 082 |
_223 _a410 MOA |
||
| 100 | _aমোরশেদ, আবুল কালাম মনজুর | ||
| 242 |
_aModern linguistics / _cAbul Kalam Manzur Morshed |
||
| 245 |
_aআধুনিক ভাষাতত্ত্ব / _cআবুল কালাম মনজুর মোরশেদ |
||
| 246 | _aAdhunik bhashatattwa | ||
| 260 |
_aঢাকা : _bমাওলা ব্রাদার্স, _c2022. |
||
| 300 |
_a৪৯২ পৃ. : _bচিত্র ; _c২২ সেমি.। |
||
| 650 | _aবাংলা ভাষা | ||
| 650 | _aBengali Language | ||
| 650 | _aভাষাবিজ্ঞান বাক্য গঠন | ||
| 650 | _aLinguistics Syntax | ||
| 942 |
_2ddc _cBK _n0 |
||
| 999 |
_c2769 _d2769 |
||